[Event "Chequers Masters"]
[Site "London"]
[Date "1985.04.06"]
[Round "1"]
[White "Carton, Pat"]
[Black "Arkell, Keith C"]
[Result "0-1"]
[WhiteElo "2300"]
[BlackElo "2410"]
[PlyCount "78"]
[EventDate "1985.04.06"]
[EventType "tourn"]
[EventRounds "9"]
[EventCountry "ENG"]
[EventCategory "6"]
[SourceTitle "BritBase"]
[Source "John Saunders"]
[SourceDate "2020.09.07"]
[SourceVersion "1"]
[SourceVersionDate "2020.09.07"]
[SourceQuality "2"]

1. e4 c6 2. d4 d5 3. exd5 cxd5 4. c3 Bf5 5. Bb5+ Bd7 6. Bxd7+ Qxd7 7. Nf3 Nc6
8. O-O g6 9. Bf4 Bg7 10. Nbd2 Nf6 11. a4 O-O 12. a5 b5 13. axb6 axb6 14. Qb3
Qb7 15. c4 Na5 16. Qb5 dxc4 17. Nxc4 Nxc4 18. Qxc4 e6 19. Be5 Qd5 20. Qxd5 Nxd5
21. Bxg7 Kxg7 22. g3 f6 23. Rfc1 Kf7 24. Nd2 Ke7 25. Nc4 Kd7 26. Ne3 Nc7 27.
Nc4 Nd5 28. Ra3 Rxa3 29. Nxa3 Ra8 30. Kf1 Ra4 31. Rc4 Rxc4 32. Nxc4 Kc6 33. Ke2
Kb5 34. Kd3 Kb4 35. Nd2 f5 36. h4 b5 37. Kc2 Nf6 38. Nf3 Ne4 39. b3 Ka3 0-1

[Event "Chequers Masters"]
[Site "London"]
[Date "1985.04.06"]
[Round "1"]
[White "Gallagher, Joseph G"]
[Black "Hebden, Mark L"]
[Result "1/2-1/2"]
[WhiteElo "2370"]
[BlackElo "2480"]
[PlyCount "78"]
[EventDate "1985.04.06"]
[EventType "tourn"]
[EventRounds "9"]
[EventCountry "ENG"]
[EventCategory "6"]
[SourceTitle "BritBase"]
[Source "John Saunders"]
[SourceDate "2020.09.07"]
[SourceVersion "1"]
[SourceVersionDate "2020.09.07"]
[SourceQuality "2"]

1. Nf3 Nf6 2. c4 g6 3. Nc3 Bg7 4. d4 O-O 5. e4 d6 6. h3 c5 7. Be3 cxd4 8. Nxd4
Nbd7 9. Be2 Nc5 10. Qc2 a6 11. O-O Bd7 12. Rad1 Qc7 13. b4 Ne6 14. Nd5 Nxd5 15.
exd5 Nxd4 16. Bxd4 Bxd4 17. Rxd4 a5 18. a3 axb4 19. axb4 Ra4 20. Qd2 Qb6 21.
Re4 Qxb4 22. Qh6 Qb2 23. Rxe7 Bf5 24. Qf4 Qb6 25. h4 Ra2 26. h5 Qd8 27. Re3 Re8
28. Bg4 Bxg4 29. Rxe8+ Qxe8 30. Qxg4 Re2 31. Qf4 Re5 32. h6 Qe7 33. Ra1 Re1+
34. Rxe1 Qxe1+ 35. Kh2 Qe7 36. Qd4 f6 37. Qa7 g5 38. Qb8+ Kf7 39. g3 Kg6
1/2-1/2

[Event "Chequers Masters"]
[Site "London"]
[Date "1985.04.06"]
[Round "1"]
[White "Hawksworth, John C"]
[Black "Orr, Mark JL"]
[Result "0-1"]
[WhiteElo "2365"]
[BlackElo "2320"]
[PlyCount "74"]
[EventDate "1985.04.06"]
[EventType "tourn"]
[EventRounds "9"]
[EventCountry "ENG"]
[EventCategory "6"]
[SourceTitle "BritBase"]
[Source "John Saunders"]
[SourceDate "2020.09.07"]
[SourceVersion "1"]
[SourceVersionDate "2020.09.07"]
[SourceQuality "2"]

1. d4 Nf6 2. c4 e6 3. Nf3 d5 4. Nc3 c5 5. cxd5 Nxd5 6. e3 Nc6 7. Bd3 Be7 8. O-O
O-O 9. a3 cxd4 10. exd4 Nxc3 11. bxc3 b6 12. Qc2 g6 13. Bh6 Re8 14. Rfe1 Bb7
15. Qd2 Rc8 16. Qf4 Bd6 17. Qg4 Na5 18. Ne5 Bxe5 19. Rxe5 Rxc3 20. Bg5 f5 21.
Qh4 Qd7 22. Bb5 Bc6 23. Bxc6 Nxc6 24. Re3 Nxd4 25. Rxc3 Ne2+ 26. Kh1 Nxc3 27.
Bf6 Ne4 28. Be5 Qe7 29. Qxe7 Rxe7 30. f3 Nc5 31. Bd6 Rd7 32. Bxc5 bxc5 33. Rc1
c4 34. Kg1 Rc7 35. f4 c3 36. Kf2 c2 37. Ke2 Kf7 0-1

[Event "Chequers Masters"]
[Site "London"]
[Date "1985.04.06"]
[Round "1"]
[White "Horner, Jeff"]
[Black "Condie, Mark L"]
[Result "0-1"]
[WhiteElo "2385"]
[BlackElo "2380"]
[PlyCount "132"]
[EventDate "1985.04.06"]
[EventType "tourn"]
[EventRounds "9"]
[EventCountry "ENG"]
[EventCategory "6"]
[SourceTitle "BritBase"]
[Source "John Saunders"]
[SourceDate "2020.09.07"]
[SourceVersion "1"]
[SourceVersionDate "2020.09.07"]
[SourceQuality "2"]

1. e4 e5 2. Nf3 Nf6 3. d4 Nxe4 4. Bd3 d5 5. Nxe5 Bd6 6. O-O O-O 7. c4 Bxe5 8.
dxe5 Nc6 9. f4 Nb4 10. cxd5 Qxd5 11. Bxe4 Qxe4 12. Nc3 Qg6 13. Be3 Bg4 14. Qb3
Nc2 15. Nd5 Qe4 16. Rac1 Nxe3 17. Nxe3 Be6 18. Qa3 Rfd8 19. Rcd1 Rxd1 20. Rxd1
Qxf4 21. Qxa7 Re8 22. Nf1 Qxe5 23. Qxb7 Qc5+ 24. Kh1 Bxa2 25. h3 h6 26. Ng3 Be6
27. Ne4 Qe5 28. Nc3 c5 29. Qf3 Rb8 30. Qf2 Rb4 31. Re1 Qd4 32. Qc2 Rb8 33. Rd1
Qb4 34. Nd5 Qb3 35. Qxb3 Rxb3 36. Rd2 Rb7 37. Nc3 Kf8 38. Ne4 c4 39. Kg1 Ke7
40. Kf2 Rd7 41. Ke3 Rc7 42. Kd4 Rc8 43. Re2 Rd8+ 44. Kc5 f5 45. Nc3 Kf6 46. Nb5
g5 47. Nd6 h5 48. Nb7 Rd5+ 49. Kc6 Re5 50. Rd2 f4 51. Nc5 g4 52. hxg4 hxg4 53.
Kd6 Kf5 54. Nxe6 Rxe6+ 55. Kd5 Re4 56. Rf2 g3 57. Rd2 f3 58. gxf3 Rh4 59. Re2
Rh2 60. Re8 Rxb2 61. Rf8+ Kg5 62. Kxc4 g2 63. f4+ Kg6 64. Rg8+ Kf5 65. Rf8+ Ke4
66. Rg8 Kxf4 0-1

[Event "Chequers Masters"]
[Site "London"]
[Date "1985.04.06"]
[Round "1"]
[White "Howell, James C"]
[Black "McNab, Colin Anderson"]
[Result "1/2-1/2"]
[WhiteElo "2370"]
[BlackElo "2395"]
[PlyCount "20"]
[EventDate "1985.04.06"]
[EventType "tourn"]
[EventRounds "9"]
[EventCountry "ENG"]
[EventCategory "6"]
[SourceTitle "BritBase"]
[Source "John Saunders"]
[SourceDate "2020.09.07"]
[SourceVersion "1"]
[SourceVersionDate "2020.09.07"]
[SourceQuality "2"]

1. e4 g6 2. d4 d6 3. Nc3 Bg7 4. f4 Nc6 5. Be3 Nf6 6. Nf3 O-O 7. Qd2 a6 8. O-O-O
b5 9. e5 Ng4 10. h3 Nxe3 1/2-1/2

[Event "Chequers Masters"]
[Site "London"]
[Date "1985.04.07"]
[Round "2"]
[White "Arkell, Keith C"]
[Black "Gallagher, Joseph G"]
[Result "1-0"]
[WhiteElo "2410"]
[BlackElo "2370"]
[PlyCount "149"]
[EventDate "1985.04.06"]
[EventType "tourn"]
[EventRounds "9"]
[EventCountry "ENG"]
[EventCategory "6"]
[SourceTitle "BritBase"]
[Source "John Saunders"]
[SourceDate "2020.09.07"]
[SourceVersion "1"]
[SourceVersionDate "2020.09.07"]
[SourceQuality "2"]

1. Nf3 Nf6 2. d4 g6 3. g3 Bg7 4. Bg2 O-O 5. O-O d6 6. Re1 Nbd7 7. e4 e5 8. dxe5
dxe5 9. b3 Nc5 10. Bb2 Qxd1 11. Rxd1 Bg4 12. Nbd2 Nfxe4 13. Nxe4 Nxe4 14. Re1
Nc5 15. Bxe5 Rae8 16. Rac1 Bxe5 17. Nxe5 Bc8 18. b4 Na6 19. a3 Kg7 20. Nc4
Rxe1+ 21. Rxe1 Rd8 22. Na5 Rd2 23. Be4 b6 24. Nb3 Rd6 25. Bd3 Kf8 26. f4 Nb8
27. Kf2 Nc6 28. h4 Be6 29. Nd2 a5 30. Ne4 Rd8 31. bxa5 Nxa5 32. Ng5 Bc4 33.
Nxh7+ Kg7 34. Ng5 Bxd3 35. cxd3 Kf8 36. Rc1 c6 37. Rc3 Ke7 38. Nf3 f6 39. d4
Kd6 40. Ke2 Re8+ 41. Kd3 b5 42. Nh2 Re1 43. Ng4 Ke6 44. Ne3 f5 45. Rc5 Ra1 46.
h5 Rxa3+ 47. Ke2 gxh5 48. Re5+ Kd6 49. Nxf5+ Kc7 50. Ne3 b4 51. Rxh5 b3 52. Rh1
b2 53. Rb1 Kd6 54. g4 Ke6 55. g5 Rb3 56. f5+ Kf7 57. Kd2 Kg7 58. Ke2 Kf7 59.
Kf2 Kg7 60. g6 Kf6 61. Ke2 Kg7 62. Kd2 Kf6 63. Ng4+ Kxf5 64. g7 Nc4+ 65. Kc2
Rb8 66. Kc3 Na3 67. Rxb2 Nb5+ 68. Rxb5+ cxb5 69. Nh6+ Ke4 70. g8=Q b4+ 71. Kc4
Rxg8 72. Nxg8 b3 73. Nf6+ Kf5 74. Nd5 b2 75. Nc3 1-0

[Event "Chequers Masters"]
[Site "London"]
[Date "1985.04.07"]
[Round "2"]
[White "Condie, Mark L"]
[Black "McNab, Colin Anderson"]
[Result "1-0"]
[WhiteElo "2380"]
[BlackElo "2395"]
[PlyCount "79"]
[EventDate "1985.04.06"]
[EventType "tourn"]
[EventRounds "9"]
[EventCountry "ENG"]
[EventCategory "6"]
[SourceTitle "BritBase"]
[Source "John Saunders"]
[SourceDate "2020.09.07"]
[SourceVersion "1"]
[SourceVersionDate "2020.09.07"]
[SourceQuality "2"]

1. d4 d6 2. Nf3 g6 3. e4 Nf6 4. Bd3 Bg7 5. c3 O-O 6. O-O Nc6 7. Bg5 h6 8. Bh4
e5 9. dxe5 dxe5 10. Qc2 Qe8 11. Nbd2 Nh5 12. Rfe1 f5 13. exf5 gxf5 14. Nd4 Nxd4
15. cxd4 e4 16. Qxc7 Rf7 17. Qa5 b6 18. Qa3 Bf8 19. Qb3 Be6 20. Bc4 Bxc4 21.
Nxc4 Kh7 22. f3 Nf4 23. fxe4 fxe4 24. Qe3 Nd3 25. Qxe4+ Qxe4 26. Rxe4 b5 27.
Ne5 Re8 28. Re3 Nxb2 29. Rb3 Rf4 30. Bg3 Rxd4 31. Rxb2 Re4 32. Rxb5 Bg7 33. Rb7
Kg8 34. Rxa7 Bxe5 35. Bxe5 R4xe5 36. Rc1 Re2 37. h3 h5 38. Rc5 h4 39. Rg5+ Kf8
40. Rh5 1-0

[Event "Chequers Masters"]
[Site "London"]
[Date "1985.04.07"]
[Round "2"]
[White "Hebden, Mark L"]
[Black "Hawksworth, John C"]
[Result "1-0"]
[WhiteElo "2480"]
[BlackElo "2365"]
[PlyCount "79"]
[EventDate "1985.04.06"]
[EventType "tourn"]
[EventRounds "9"]
[EventCountry "ENG"]
[EventCategory "6"]
[SourceTitle "BritBase"]
[Source "John Saunders"]
[SourceDate "2020.09.07"]
[SourceVersion "1"]
[SourceVersionDate "2020.09.07"]
[SourceQuality "2"]

1. e4 e5 2. f4 exf4 3. Nf3 g5 4. h4 g4 5. Ne5 Bg7 6. d4 d6 7. Nxg4 Bxg4 8. Qxg4
Bxd4 9. Nc3 Nd7 10. Bxf4 Bxc3+ 11. bxc3 Qf6 12. Qf3 O-O-O 13. Bg5 Qxf3 14. gxf3
Re8 15. Bh3 f6 16. Be3 Ne7 17. Kf2 f5 18. exf5 Nd5 19. Bh6 Rhg8 20. Rae1 N7f6
21. c4 Nb6 22. Bg5 Rxe1 23. Rxe1 Rf8 24. Re7 Kd8 25. Bxf6 Rxf6 26. Rxh7 Nxc4
27. h5 Ne5 28. Kg3 Nf7 29. Rg7 Ke7 30. c4 Rh6 31. Bg4 Rf6 32. Kf4 Kf8 33. Rg6
Ke7 34. Rg8 a6 35. Rc8 Kd7 36. Ra8 Ke7 37. a4 Nd8 38. Rc8 Rf7 39. Kg5 Rg7+ 40.
Kh4 1-0

[Event "Chequers Masters"]
[Site "London"]
[Date "1985.04.07"]
[Round "2"]
[White "Horner, Jeff"]
[Black "Carton, Pat"]
[Result "1-0"]
[WhiteElo "2385"]
[BlackElo "2300"]
[PlyCount "47"]
[EventDate "1985.04.06"]
[EventType "tourn"]
[EventRounds "9"]
[EventCountry "ENG"]
[EventCategory "6"]
[SourceTitle "BritBase"]
[Source "John Saunders"]
[SourceDate "2020.09.07"]
[SourceVersion "1"]
[SourceVersionDate "2020.09.07"]
[SourceQuality "2"]

1. e4 c6 2. Nc3 d5 3. Nf3 g6 4. d4 Bg7 5. h3 dxe4 6. Nxe4 Nd7 7. Bc4 Ngf6 8.
Qe2 O-O 9. O-O Nxe4 10. Qxe4 Nf6 11. Qh4 Bf5 12. Bb3 Be4 13. Ng5 Bd5 14. c4 h6
15. cxd5 hxg5 16. Bxg5 cxd5 17. Rfe1 Qd7 18. Re5 Rfe8 19. Rae1 Rad8 20. R1e3 b6
21. Bh6 Bxh6 22. Qxh6 Qd6 23. Rg3 Ne4 24. Rxe4 1-0

[Event "Chequers Masters"]
[Site "London"]
[Date "1985.04.07"]
[Round "2"]
[White "Orr, Mark JL"]
[Black "Howell, James C"]
[Result "0-1"]
[WhiteElo "2320"]
[BlackElo "2370"]
[PlyCount "124"]
[EventDate "1985.04.06"]
[EventType "tourn"]
[EventRounds "9"]
[EventCountry "ENG"]
[EventCategory "6"]
[SourceTitle "BritBase"]
[Source "John Saunders"]
[SourceDate "2020.09.07"]
[SourceVersion "1"]
[SourceVersionDate "2020.09.07"]
[SourceQuality "2"]

1. Nf3 Nf6 2. d4 g6 3. Bg5 Bg7 4. Nbd2 O-O 5. c3 d6 6. e4 c5 7. dxc5 dxc5 8.
Be2 Nc6 9. O-O Qc7 10. Qc2 Be6 11. Bc4 Bd7 12. Rfe1 Rad8 13. h3 Bc8 14. Bf1 Nh5
15. Rac1 Nf4 16. b4 cxb4 17. cxb4 h6 18. Bh4 Qd7 19. Qa4 a6 20. Qb3 g5 21. Bg3
Nd3 22. Bxd3 Qxd3 23. Re3 Qxb3 24. axb3 Nxb4 25. Rc7 Rd7 26. Nc4 Rxc7 27. Bxc7
b5 28. Ncd2 Be6 29. Ba5 Nc6 30. Bc3 Bxc3 31. Rxc3 Rc8 32. Kf1 Kf8 33. Ke1 Ke8
34. Kd1 Kd7 35. Kc1 b4 36. Rc2 Na7 37. Rxc8 Nxc8 38. Kb2 Kd6 39. Nd4 Nb6 40.
Nc2 Kc5 41. Nf3 a5 42. Ne5 Kd6 43. Nd3 Bd7 44. Nd4 f6 45. Kc2 Nc8 46. Kd2 Na7
47. Nc2 Nb5 48. f3 Be6 49. Nc1 h5 50. g4 h4 51. Ke3 Ke5 52. Ne1 Kd6 53. Ned3
Bf7 54. f4 e5 55. fxg5 fxg5 56. Nb2 Nd4 57. Nc4+ Bxc4 58. bxc4 b3 59. Nd3 a4
60. c5+ Kc7 61. Kd2 a3 62. Kc1 a2 0-1

[Event "Chequers Masters"]
[Site "London"]
[Date "1985.04.08"]
[Round "3"]
[White "Carton, Pat"]
[Black "Condie, Mark L"]
[Result "0-1"]
[WhiteElo "2300"]
[BlackElo "2380"]
[PlyCount "87"]
[EventDate "1985.04.06"]
[EventType "tourn"]
[EventRounds "9"]
[EventCountry "ENG"]
[EventCategory "6"]
[SourceTitle "BritBase"]
[Source "John Saunders"]
[SourceDate "2020.09.07"]
[SourceVersion "1"]
[SourceVersionDate "2020.09.07"]
[SourceQuality "2"]

1. e4 e5 2. Nf3 Nf6 3. Nxe5 d6 4. Nf3 Nxe4 5. d4 d5 6. Bd3 Be7 7. O-O Nc6 8. c4
Bg4 9. cxd5 Qxd5 10. Nc3 Nxc3 11. bxc3 Bxf3 12. Qxf3 Qxf3 13. gxf3 O-O 14. Rb1
Na5 15. Re1 Bd6 16. Rb5 b6 17. Re4 c5 18. Ba3 Rfd8 19. Rh4 g6 20. Bc1 Rd7 21.
Bg5 Rc8 22. Re4 Bf8 23. Bf6 Bg7 24. Bxg7 Kxg7 25. Bf1 cxd4 26. cxd4 Rcd8 27. d5
Rxd5 28. Rxd5 Rxd5 29. Re7 Nc6 30. Rc7 Rg5+ 31. Kh1 Rc5 32. a4 h5 33. Bh3 Nd4
34. Rxa7 Nxf3 35. Be6 Ng5 36. Bd7 h4 37. Kg2 Rc3 38. h3 Rd3 39. Rb7 Rd6 40. Bc8
Rf6 41. Bg4 Ne4 42. Bf3 Nc5 43. Ra7 Nd3 44. Rb7 0-1

[Event "Chequers Masters"]
[Site "London"]
[Date "1985.04.08"]
[Round "3"]
[White "Gallagher, Joseph G"]
[Black "Horner, Jeff"]
[Result "0-1"]
[WhiteElo "2370"]
[BlackElo "2385"]
[PlyCount "124"]
[EventDate "1985.04.06"]
[EventType "tourn"]
[EventRounds "9"]
[EventCountry "ENG"]
[EventCategory "6"]
[SourceTitle "BritBase"]
[Source "John Saunders"]
[SourceDate "2020.09.07"]
[SourceVersion "1"]
[SourceVersionDate "2020.09.07"]
[SourceQuality "2"]

1. c4 Nf6 2. Nc3 d6 3. d4 g6 4. e4 Bg7 5. Be2 O-O 6. Nf3 e5 7. O-O Nc6 8. d5
Ne7 9. Nd2 Ne8 10. b4 f5 11. c5 f4 12. Nc4 g5 13. Bg4 Bxg4 14. Qxg4 Ng6 15. Bd2
Rf7 16. Rac1 Bf8 17. cxd6 cxd6 18. Na5 Ng7 19. Qd1 f3 20. g3 h5 21. Kh1 g4 22.
Be3 h4 23. Qd2 Nh5 24. Bg5 hxg3 25. fxg3 Be7 26. Be3 Rh7 27. Kg1 Bf8 28. Nb5 a6
29. Nc3 Qf6 30. Qf2 Re8 31. Rc2 Ree7 32. Rfc1 Reg7 33. Kf1 Rf7 34. Nd1 Ne7 35.
Rc7 Qg6 36. Nxb7 Nf6 37. Nxd6 Nxe4 38. Nxe4 Qxe4 39. d6 Qd3+ 40. Kg1 Qxd6 41.
R7c4 Rhg7 42. a4 Nf5 43. Bc5 Qd5 44. Ne3 Nxe3 45. Bxe3 Qd3 46. b5 axb5 47. axb5
Rd7 48. b6 Qb3 49. Re4 Rd3 50. Bh6 Ba3 51. Rce1 Rg6 52. Be3 Qd5 53. b7 Bd6 54.
Rb4 Bb8 55. Qc2 Rc6 56. Rxg4+ Kf7 57. Qf2 Rd1 58. Rf1 Rxf1+ 59. Qxf1 Rc2 60.
Qb1 Qd3 61. Bf2 Qc3 62. Be1 Qe3+ 0-1

[Event "Chequers Masters"]
[Site "London"]
[Date "1985.04.08"]
[Round "3"]
[White "Hawksworth, John C"]
[Black "Arkell, Keith C"]
[Result "1/2-1/2"]
[WhiteElo "2365"]
[BlackElo "2410"]
[PlyCount "79"]
[EventDate "1985.04.06"]
[EventType "tourn"]
[EventRounds "9"]
[EventCountry "ENG"]
[EventCategory "6"]
[SourceTitle "BritBase"]
[Source "John Saunders"]
[SourceDate "2020.09.07"]
[SourceVersion "1"]
[SourceVersionDate "2020.09.07"]
[SourceQuality "2"]

1. d4 c5 2. d5 e5 3. e4 d6 4. Nc3 Be7 5. Nf3 Bg4 6. h3 Bh5 7. g4 Bg6 8. h4 h6
9. Qe2 Na6 10. Bh3 Nc7 11. h5 Bh7 12. Rg1 Bg5 13. Nxg5 hxg5 14. f3 f6 15. Kf2
Ne7 16. Bd2 Bg8 17. Rh1 Bf7 18. Bg2 Qd7 19. a4 Kf8 20. Be3 Kg8 21. Qd2 Rh6 22.
Qe2 Kh7 23. Nb5 a6 24. Nxc7 Qxc7 25. c4 a5 26. b3 Rh8 27. Bd2 Kg8 28. Qe1 b6
29. Qe2 Be8 30. Rag1 Bd7 31. Ke1 Qd8 32. Kd1 Kf7 33. Qf1 R8h7 34. Rh3 Qh8 35.
Rgh1 Kf8 36. R1h2 Ke8 37. Qh1 Kd8 38. Bf1 Qe8 39. Bd3 Kc7 40. Kc2 1/2-1/2

[Event "Chequers Masters"]
[Site "London"]
[Date "1985.04.08"]
[Round "3"]
[White "Howell, James C"]
[Black "Hebden, Mark L"]
[Result "0-1"]
[WhiteElo "2370"]
[BlackElo "2480"]
[PlyCount "58"]
[EventDate "1985.04.06"]
[EventType "tourn"]
[EventRounds "9"]
[EventCountry "ENG"]
[EventCategory "6"]
[SourceTitle "BritBase"]
[Source "John Saunders"]
[SourceDate "2020.09.07"]
[SourceVersion "1"]
[SourceVersionDate "2020.09.07"]
[SourceQuality "2"]

1. e4 e5 2. Nf3 Nc6 3. Bb5 a6 4. Bxc6 dxc6 5. O-O Bd6 6. d4 exd4 7. Qxd4 f6 8.
b3 Qe7 9. a4 c5 10. Qc3 Bg4 11. Nbd2 O-O-O 12. Re1 Nh6 13. Nc4 Nf7 14. Nxd6+
cxd6 15. Ba3 Kb8 16. Nd2 Qe5 17. Qa5 Qg5 18. Re3 Ne5 19. Qb6 Bh3 20. g3 Nc6 21.
Nc4 d5 22. Na5 Nxa5 23. Qxa5 dxe4 24. Bxc5 Rd5 25. b4 Rhd8 26. b5 R8d7 27. Bb6
Rd1+ 28. Rxd1 Rxd1+ 29. Re1 Qc1 0-1

[Event "Chequers Masters"]
[Site "London"]
[Date "1985.04.08"]
[Round "3"]
[White "McNab, Colin Anderson"]
[Black "Orr, Mark JL"]
[Result "1-0"]
[WhiteElo "2395"]
[BlackElo "2320"]
[PlyCount "129"]
[EventDate "1985.04.06"]
[EventType "tourn"]
[EventRounds "9"]
[EventCountry "ENG"]
[EventCategory "6"]
[SourceTitle "BritBase"]
[Source "John Saunders"]
[SourceDate "2020.09.07"]
[SourceVersion "1"]
[SourceVersionDate "2020.09.07"]
[SourceQuality "2"]

1. c4 e6 2. Nf3 Nf6 3. g3 d5 4. b3 c5 5. Bg2 Nc6 6. e3 Be7 7. O-O O-O 8. Bb2 b6
9. Qe2 Bb7 10. Rd1 Qc7 11. Nc3 Rad8 12. cxd5 Nxd5 13. Nxd5 exd5 14. d4 c4 15.
bxc4 Ba6 16. Nd2 Bb4 17. Rac1 Na5 18. Qh5 g6 19. Qg5 Be7 20. Qh6 Nxc4 21. e4 b5
22. exd5 Qd7 23. Rxc4 bxc4 24. Ne4 Qxd5 25. Ba3 Qxe4 26. Bxe4 Bxa3 27. Qd2 Rd6
28. Qc3 Bc5 29. Bf3 Bb6 30. Qa3 Bc7 31. Qc5 Bb8 32. Rb1 Rf6 33. Bb7 Bxb7 34.
Rxb7 Re6 35. Qxc4 Ree8 36. Kg2 Rd8 37. a4 Kg7 38. a5 h5 39. h4 Rd6 40. Qb5 Rdd8
41. d5 Rfe8 42. Rd7 Rf8 43. Qb7 Rde8 44. d6 Re6 45. Qd5 Kg8 46. a6 Rf6 47. Qd4
Re6 48. Kh3 Kh7 49. f4 Kg8 50. Qd5 Rf6 51. Qb7 Kh7 52. Rc7 Kg7 53. Rc6 Rxd6 54.
Rxd6 Bxd6 55. Qxa7 Bb8 56. Qd7 Kg8 57. f5 gxf5 58. Qxf5 Re8 59. Qd7 Kf8 60. a7
Bxa7 61. Qxa7 Kg7 62. Qc5 Rh8 63. Qg5+ Kf8 64. Kg2 Rh7 65. Kf3 1-0

[Event "Chequers Masters"]
[Site "London"]
[Date "1985.04.09"]
[Round "4"]
[White "Arkell, Keith C"]
[Black "Howell, James C"]
[Result "1/2-1/2"]
[WhiteElo "2410"]
[BlackElo "2370"]
[PlyCount "48"]
[EventDate "1985.04.06"]
[EventType "tourn"]
[EventRounds "9"]
[EventCountry "ENG"]
[EventCategory "6"]
[SourceTitle "BritBase"]
[Source "John Saunders"]
[SourceDate "2020.09.07"]
[SourceVersion "1"]
[SourceVersionDate "2020.09.07"]
[SourceQuality "2"]

1. d4 Nf6 2. c4 g6 3. g3 Bg7 4. Bg2 O-O 5. Nf3 d6 6. O-O c5 7. Nc3 Nc6 8. h3
Bf5 9. Be3 Ne4 10. Na4 Qc8 11. dxc5 Nxc5 12. Nxc5 dxc5 13. Qc1 Bxh3 14. Bxh3
Qxh3 15. Bxc5 Ne5 16. Nxe5 Bxe5 17. Bxe7 Rfe8 18. Qg5 Bxg3 19. fxg3 Rxe7 20.
Qxe7 Qxg3+ 21. Kh1 Qh3+ 22. Kg1 Qg3+ 23. Kh1 Qh3+ 24. Kg1 Qg3+ 1/2-1/2

[Event "Chequers Masters"]
[Site "London"]
[Date "1985.04.09"]
[Round "4"]
[White "Carton, Pat"]
[Black "Gallagher, Joseph G"]
[Result "1/2-1/2"]
[WhiteElo "2300"]
[BlackElo "2370"]
[PlyCount "26"]
[EventDate "1985.04.06"]
[EventType "tourn"]
[EventRounds "9"]
[EventCountry "ENG"]
[EventCategory "6"]
[SourceTitle "BritBase"]
[Source "John Saunders"]
[SourceDate "2020.09.07"]
[SourceVersion "1"]
[SourceVersionDate "2020.09.07"]
[SourceQuality "2"]

1. e4 c5 2. Nf3 d6 3. Bb5+ Bd7 4. Bxd7+ Qxd7 5. O-O Nc6 6. c3 Nf6 7. Qe2 Qg4 8.
Re1 Ne5 9. d4 Nxf3+ 10. Qxf3 Qxf3 11. gxf3 O-O-O 12. Be3 e6 13. Na3 Be7 1/2-1/2

[Event "Chequers Masters"]
[Site "London"]
[Date "1985.04.09"]
[Round "4"]
[White "Hebden, Mark L"]
[Black "McNab, Colin Anderson"]
[Result "1/2-1/2"]
[WhiteElo "2480"]
[BlackElo "2395"]
[PlyCount "22"]
[EventDate "1985.04.06"]
[EventType "tourn"]
[EventRounds "9"]
[EventCountry "ENG"]
[EventCategory "6"]
[SourceTitle "BritBase"]
[Source "John Saunders"]
[SourceDate "2020.09.07"]
[SourceVersion "1"]
[SourceVersionDate "2020.09.07"]
[SourceQuality "2"]

1. e4 g6 2. d4 Bg7 3. Nf3 d6 4. Bc4 Nf6 5. Qe2 c6 6. e5 Nd5 7. h3 O-O 8. O-O b5
9. Bb3 a5 10. c3 a4 11. Bc2 f6 1/2-1/2

[Event "Chequers Masters"]
[Site "London"]
[Date "1985.04.09"]
[Round "4"]
[White "Horner, Jeff"]
[Black "Hawksworth, John C"]
[Result "1/2-1/2"]
[WhiteElo "2385"]
[BlackElo "2365"]
[PlyCount "66"]
[EventDate "1985.04.06"]
[EventType "tourn"]
[EventRounds "9"]
[EventCountry "ENG"]
[EventCategory "6"]
[SourceTitle "BritBase"]
[Source "John Saunders"]
[SourceDate "2020.09.07"]
[SourceVersion "1"]
[SourceVersionDate "2020.09.07"]
[SourceQuality "2"]

1. e4 e5 2. Nf3 Nf6 3. d4 Nxe4 4. Bd3 d5 5. Nxe5 Nd7 6. Qe2 Nxe5 7. Bxe4 dxe4
8. Qxe4 Be6 9. dxe5 Bd5 10. Qe2 Bxg2 11. Rg1 Qd5 12. Nc3 Bb4 13. Rxg2 Bxc3+ 14.
Kf1 Bd4 15. c3 Bb6 16. Bg5 h6 17. Rd1 Qe6 18. Bf4 g5 19. Bc1 Rd8 20. Re1 Kd7
21. a4 Kc8 22. Qg4 Rd3 23. Qxe6+ fxe6 24. Rg3 Rf8 25. Be3 Bxe3 26. Rexe3 Rxe3
27. Rxe3 h5 28. Kg2 Rf4 29. b3 Kd7 30. Rh3 h4 31. Rf3 Rf5 32. Re3 Rf4 33. Rf3
Rf5 1/2-1/2

[Event "Chequers Masters"]
[Site "London"]
[Date "1985.04.10"]
[Round "5"]
[White "Gallagher, Joseph G"]
[Black "Condie, Mark L"]
[Result "0-1"]
[WhiteElo "2370"]
[BlackElo "2380"]
[PlyCount "90"]
[EventDate "1985.04.06"]
[EventType "tourn"]
[EventRounds "9"]
[EventCountry "ENG"]
[EventCategory "6"]
[SourceTitle "BritBase"]
[Source "John Saunders"]
[SourceDate "2020.09.07"]
[SourceVersion "1"]
[SourceVersionDate "2020.09.07"]
[SourceQuality "2"]

1. e4 e5 2. Bc4 Nf6 3. d3 Nc6 4. Nc3 Bb4 5. Nf3 Bxc3+ 6. bxc3 d6 7. O-O O-O 8.
Bg5 h6 9. Bh4 Be6 10. Bb5 Bd7 11. d4 Qe7 12. Re1 Rad8 13. d5 Nb8 14. Bxd7 Nbxd7
15. Nd2 g5 16. Bg3 Ne8 17. Nc4 Ng7 18. Ne3 f5 19. exf5 Nxf5 20. Rb1 b6 21. Rb4
Qh7 22. Rc4 Nxe3 23. Rxe3 Nf6 24. Ra4 a5 25. c4 h5 26. h4 Ng4 27. Rb3 Qe7 28.
f3 Nh6 29. c5 bxc5 30. hxg5 Nf5 31. f4 exf4 32. Bxf4 Nd4 33. Re3 Qf7 34. Bg3
Qg6 35. c3 Qxg5 36. Rd3 Nf5 37. Bf2 Rd7 38. Rh3 Rg7 39. Rh2 Ne3 40. Qd2 Rxf2
41. Qxf2 Rf7 42. Rxh5 Qxh5 43. Qxe3 Qd1+ 44. Kh2 Qxa4 45. Qg5+ Rg7 0-1

[Event "Chequers Masters"]
[Site "London"]
[Date "1985.04.10"]
[Round "5"]
[White "Howell, James C"]
[Black "Horner, Jeff"]
[Result "1-0"]
[WhiteElo "2370"]
[BlackElo "2385"]
[PlyCount "59"]
[EventDate "1985.04.06"]
[EventType "tourn"]
[EventRounds "9"]
[EventCountry "ENG"]
[EventCategory "6"]
[SourceTitle "BritBase"]
[Source "John Saunders"]
[SourceDate "2020.09.07"]
[SourceVersion "1"]
[SourceVersionDate "2020.09.07"]
[SourceQuality "2"]

1. e4 e5 2. Nf3 Nc6 3. Bb5 a6 4. Ba4 Nf6 5. O-O Be7 6. Re1 b5 7. Bb3 d6 8. c3
O-O 9. d4 exd4 10. cxd4 Bg4 11. Nc3 Qd7 12. e5 Ne8 13. h3 Bxf3 14. Qxf3 Rd8 15.
e6 fxe6 16. Bxe6+ Qxe6 17. Qxf8+ Kxf8 18. Rxe6 Nf6 19. Ne2 Nb4 20. Bd2 Nd3 21.
b3 c5 22. dxc5 Kf7 23. Nd4 Nd5 24. Ba5 Rf8 25. cxd6 Bf6 26. d7 Bxd4 27. Rd6
Bxf2+ 28. Kh1 Bh4 29. Rxd5 Nf2+ 30. Kg1 1-0